000
00280nam a22001097a 4500
008
160423b xxu||||| |||| 00| 0 eng d
020
_a
0763735558
041
_a
eng
080
_a
612.39
245
_a
Discovering nutrition :
_c
Paul Insel; R.Elaine Turner; Don Ross;
942
_2
udc
_c
BK
999
_c
1536
_d
1536